| 000 | 01476nam a2200385 i 4500 | ||
|---|---|---|---|
| 001 | 59392 | ||
| 003 | CO-BoRNBP | ||
| 005 | 20251007222428.0 | ||
| 007 | ta | ||
| 008 | 920922s1989 sp | | spa d | ||
| 017 |
_aM 38539-1989 _bOficina Depósito Legal Madrid |
||
| 020 | _a8478800042(Edición española) | ||
| 040 |
_aSpMaBN _bspa _cCEN |
||
| 041 | 1 |
_aspa _hfre |
|
| 080 | _a133.5:54 | ||
| 080 | _a392"04/14" | ||
| 100 | 1 |
_aHutin, Serge _965425 |
|
| 245 | 1 | 3 |
_aLa vida cotidiana de los alquimistas en la Edad Media _h[Texto impreso] _cSerge Hutin ; [traducción, Elena Goicoechea Larramendi ; revisión de la edición española, José Manuel Calderón y Juan Ignacio Alonso] |
| 250 | _a[1ª ed., española] | ||
| 300 |
_a235 p. _bil. _c21 cm |
||
| 336 |
_2rdacontent _atexto _btxt |
||
| 337 |
_2rdamedia _asin mediación _bn |
||
| 338 |
_2rdacarrier _avolumen _bnc |
||
| 490 | 1 |
_aColección Historia _v5 |
|
| 500 | _aTraducción de: La vie quotidienne des alchimistes au Moyen Age | ||
| 504 | _aBibliografía : p. 237-239 | ||
| 650 | 7 |
_aAlquimia _vHistoria _2embne _965426 |
|
| 830 | 0 |
_aColección Historia (Ediciones Temas de Hoy) _v5 _965427 |
|
| 942 |
_2ddc _cBK |
||
| 956 | _a1 2 | ||
| 980 |
_aM 38539-1989 _aSpMaBN _bBNMADRID _j9/45202 _cSG_RECOLET |
||
| 980 |
_aM 38539-1989 _aSpMaBN _bBNALCALA _jAHM/119646 _cSG_PETANTI |
||
| 980 |
_aM 38539-1989 _a84-7880-004-2 _aSpMaBN _bBNALCALA _jAHM/427476 _cSG_PETANTI |
||
| 980 |
_aSpMaBN _bBNALCALA _jDL/475287 _cCONSERVACI |
||
| 999 |
_c59392 _d59392 |
||